000 00236nam a22000977a 4500
003 SGT
245 _aInternational Journal of Oral & maxillofacial Implant
260 _bQuintessence Publisher
_c2021
300 _a597,1254
942 _2ddc
_cBV
999 _c30337
_d30337